00407nam a2200133Ia 4500008004100000020001500041041001200056082001800068100003500086245005900121260002900180300000800209650005600217231217s9999 xx 000 0 und d a8174570004 aEnglish a370 CHA;1 R aChaube, S P. Chaube, Akhilesh. 0aPhilosophical and sociological foundation of education c1992bVinod PustakaAgra a520 aPhilosophical,sociological, foundatio, o, education